LEADER 04022 am 2200565 n 450 001 9910131377903321 005 20141224 010 $a2-11-139844-6 035 $a(CKB)3710000000491144 035 $a(FrMaCLE)OB-deps-585 035 $a(oapen)https://directory.doabooks.org/handle/20.500.12854/44747 035 $a(PPN)189313447 035 $a(EXLCZ)993710000000491144 100 $a20150921j|||||||| ||| 0 101 0 $afre 135 $auu||||||m|||| 181 $ctxt$2rdacontent 182 $cc$2rdamedia 183 $acr$2rdacarrier 200 14$aLes dépenses culturelles des collectivités locales en 2006 $ePrès de 7 milliards d?euros pour la culture /$fJean-Cédric Delvainquière, Bruno Dietsch 210 $aParis $cDépartement des études, de la prospective et des statistiques$d2014 215 $a1 online resource (32 p.) 330 $aLes résultats de l?enquête sur les dépenses culturelles des collectivités territoriales, dont les données n?avaient pas été actualisées depuis 2002, confirment que les communes, départements et régions ainsi que, désormais, les groupements de communes, sont des acteurs majeurs du financement public de la culture en France. Ce sont ainsi près de 4,4 milliards d?euros que les seules communes de plus de 10 000 habitants ont mobilisés pour la culture en 2006, tandis que leurs groupements à fiscalité propre dotés de la compétence culturelle y ont consacré plus de 840 millions d?euros. Départements et régions ont engagé respectivement 1,3 milliard et 556 millions d?euros pour la culture cette même année. Au-delà des domaines réservés d?intervention découlant de la première vague de transfert de compétences comme la lecture publique pour les départements par exemple, on observe que les communes et groupements de communes consacrent leurs dépenses culturelles de fonctionnement et d?investissement aux équipements de proximité (écoles de musique et de danse, bibliothèques et médiathèques, musées municipaux ou départementaux), tandis que les départements et particulièrement les régions attribuent plus massivement des subventions aux équipements et acteurs culturels. Enfin, si, en 2006, la loi du 13 août 2004 relative aux libertés et responsabilités locales avait encore une incidence limitée sur les transferts de compétences aux différents échelons territoriaux, elle a pu favoriser le transfert des compétences culturelles aux groupements de communes. Results of a study into local authority cultural expenditure, information on which has not been updated since 2002, show that France's communes, départements and regions, and, henceforth, groups of communes, play a major role in the public funding of culture in France. Thus in 2006, almost ?4.4bn was raised by individual communes with a population of over 10,000, whilst culturally competent groups of communes with their own? 517 $adépenses culturelles des collectivités locales en 2006 606 $aSociology 606 $aCultural studies 606 $acollectivités territoriales 606 $aéconomie de la culture et de la communication 606 $astatistiques culturelles 606 $apolitiques publiques 606 $alocal authorities 606 $acultural statistics 610 $acultural statistics 610 $alocal authorities 615 4$aSociology 615 4$aCultural studies 615 4$acollectivités territoriales 615 4$aéconomie de la culture et de la communication 615 4$astatistiques culturelles 615 4$apolitiques publiques 615 4$alocal authorities 615 4$acultural statistics 700 $aDelvainquière$b Jean-Cédric$01304180 701 $aDietsch$b Bruno$01281214 701 $aChantepie$b Philippe$01281727 801 0$bFR-FrMaCLE 906 $aBOOK 912 $a9910131377903321 996 $aLes dépenses culturelles des collectivités locales en 2006$93029201 997 $aUNINA LEADER 04366oam 2200613I 450 001 9910786990003321 005 20230801230729.0 010 $a1-136-58644-X 010 $a0-203-15778-8 010 $a1-136-58645-8 024 7 $a10.4324/9780203157787 035 $a(CKB)2670000000358710 035 $a(EBL)1189369 035 $a(SSID)ssj0000971635 035 $a(PQKBManifestationID)12398134 035 $a(PQKBTitleCode)TC0000971635 035 $a(PQKBWorkID)10940102 035 $a(PQKB)11574534 035 $a(MiAaPQ)EBC1189369 035 $a(Au-PeEL)EBL1189369 035 $a(CaPaEBR)ebr10704111 035 $a(CaONFJC)MIL492326 035 $a(OCoLC)844428689 035 $a(OCoLC)849920608 035 $a(FINmELB)ELB136104 035 $a(EXLCZ)992670000000358710 100 $a20180706e20121982 uy 0 101 0 $aeng 135 $aur|n|---||||| 181 $ctxt 182 $cc 183 $acr 200 10$aIntroduction to political economy /$fE.J. Mishan 210 1$aAbingdon, Oxon ;$aNew York, N.Y. :$cRoutledge,$d2012. 215 $a1 online resource (272 p.) 225 1 $aRoutledge Revivals 300 $aFirst published London : Hutchinson, 1982. 311 $a0-415-68874-4 311 $a0-415-68248-7 320 $aIncludes bibliographical references and index. 327 $achapter Introduction to Political Economy -- chapter Copyright -- chapter Contents -- part Part One: The agenda of political economy -- chapter 1 Introductory observations -- chapter 2 The resistance to a prescriptive economics -- chapter 3 The nature of the economist's efficiency criterion -- chapter 4 The rationale of the economist's efficiency criterion -- chapter 5 Things to come: a preview -- chapter 6 The basic economic assumptions -- part Part Two: Allocation within a partial economic context -- chapter 7 Uses and limitations of a partial economic context -- chapter 8 The key concepts of social value and social opportunity cost -- chapter 9 Consumer surplus: a measure of welfare change -- chapter 10 The difficulty of measuring rent -- chapter 11 The allocative virtues of a competitive economy -- chapter 12 Marginal cost pricing -- chapter 13 Second best and third best -- part Part Three: Collective goods and bads -- chapter 14 Can the market cope with externalities? -- chapter 15 Diminishing returns to agriculture as an instance of externalities -- chapter 16 Environmental spillovers: what difference does the law make? -- chapter 17 Non-environmental spillovers: some ethical questions -- chapter 18 Favourable spillovers and collective goods -- part Part Four: Resource allocation within a general context -- chapter 19 Uses of a general economic context -- chapter 20 Optimality for the economy -- chapter 21 What is an efficient distribution of goods? -- chapter 22 Economic efficiency: a paradox -- chapter 23 Pareto optimality: an empty vessel -- chapter 24 Resolving the apparent paradox -- part Part Five: Sources of economic failure in a technological age -- chapter 25 Introductory remarks -- chapter 26 The folklore of the market 1 -- chapter 27 The folklore of the market 2 -- chapter 28 Economic expertise in an age of rapid innovation -- chapter 29 The limits of abundance: a conservative critique 1 -- chapter 30 The limits of abundance: a conservative critique 2 -- chapter 31 Concluding remarks. 330 $aFirst published in 1982, Introduction to Political Economy is a clear and concise introduction to the normative aspects of economics by one of the world's leading authorities on the subject. In this highly readable book, Professor Mishan takes the student to the heart of the subject without recourse to algebra and with only the simplest of diagrams. The author carefully distinguishes the various meanings of the terms political economy, normative economics, welfare economics and allocative economics. He considers the standard allocation rules and the crucial concepts of consumer sur 410 0$aRoutledge revivals. 606 $aWelfare economics 615 0$aWelfare economics. 676 $a330.15/5 700 $aMishan$b E. J$g(Edward J.),$f1917-,$024593 801 0$bMiAaPQ 801 1$bMiAaPQ 801 2$bMiAaPQ 906 $aBOOK 912 $a9910786990003321 996 $aIntroduction to Political Economy$9612605 997 $aUNINA